[Event "CAN-ch U18"]
[Site "Sault Ste Marie"]
[Date "2017.07.09"]
[Round "6.8"]
[White "Colvin, Andrew"]
[Black "Greeson, Vincent Greeson"]
[Result "1/2-1/2"]
[WhiteElo "1905"]
[BlackElo "1786"]
[PlyCount "83"]
[EventDate "2017.07.06"]
[EventType "swiss"]
[EventRounds "7"]
[EventCountry "CAN"]
[SourceTitle "EXT 2022"]
[Source "ChessBase"]
[SourceDate "2021.10.06"]
[SourceVersion "1"]
[SourceVersionDate "2021.10.06"]
[SourceQuality "1"]

1. d4 Nf6 2. Nf3 e6 3. g3 Be7 4. c4 d5 5. Bg2 0-0 6. 0-0 b6 7. Nc3 Bb7 8. Ne5 Nc6 9. cxd5 Nxe5 10. dxe5 Nxd5 11. Nxd5 Bxd5 12. Be3 c5 13. Rc1 Bxg2 14. Qxd8 Rfxd8 15. Kxg2 Rd5 16. f4 Rad8 17. Kf3 f6 18. Ke4 g5 19. h3 f5+ 20. Kf3 h5 21. Rc2 g4+ 22. hxg4 fxg4+ 23. Ke4 Rd1 24. Rxd1 Rxd1 25. Rd2 Rxd2 26. Bxd2 h4 27. gxh4 Bxh4 28. Be3 Kf7 29. f5 Bg3 30. f6 Bh2 31. Bf4 Bg1 32. Bg3 Bd4 33. b3 b5 34. Kd3 a5 35. a4 bxa4 36. bxa4 Bb2 37. Kc4 Ba3 38. Kb5 Bb4 39. Kc4 Ba3 40. Kd3 Bb2 41. Kc4 Ba3 42. Kb5 1/2-1/2